00405nam a2200109Ia 4500008004100000100002600041245007700067260004400144300001800188650002000206856006900226160712s9999 xx 000 0 und d aGarcia Jr., Felino S. cFelino S. Garcia Jr.aThe Pathogenic Body in Colonial Science, 1901-1913 c2013bPhilippine Social Sciences Review avol. 65 no. 1 xSOCIAL SCIENCES uhttp://journals.upd.edu.ph/index.php/pssr/issue/view/421/showToc